Personality characteristics of scheduled caste and scheduled tribe employees in government service (Record no. 17941)
[ view plain ]
| 000 -LEADER | |
|---|---|
| fixed length control field | 00470nam a2200145Ia 4500 |
| 082 ## - DEWEY DECIMAL CLASSIFICATION NUMBER | |
| Classification number | TR.0272 |
| 100 ## - MAIN ENTRY--AUTHOR NAME | |
| Personal name | Raju, S. |
| 245 #0 - TITLE STATEMENT | |
| Title | Personality characteristics of scheduled caste and scheduled tribe employees in government service |
| 260 ## - PUBLICATION, DISTRIBUTION, ETC. (IMPRINT) | |
| Year of publication | 1989 |
| Name of publisher | University of Kerala |
| 300 ## - PHYSICAL DESCRIPTION | |
| Number of Pages | 307p. + C D - 32 |
| 650 ## - SUBJECT ADDED ENTRY--TOPICAL TERM | |
| Topical Term | INDIA - OFFICIALS AND EMPLOYEES |
| 650 ## - SUBJECT ADDED ENTRY--TOPICAL TERM | |
| Topical Term | SCHEDULED CASTES AND SCHEDULED TRIBES - PSYCHOLOGY |
| 710 ## - ADDED ENTRY--CORPORATE NAME | |
| Corporate name or jurisdiction name as entry element | Raj, H. Sam Sananda |
| 942 ## - ADDED ENTRY ELEMENTS (KOHA) | |
| Koha item type | Thesis |
| Source of classification or shelving scheme | Dewey Decimal Classification |
| Withdrawn status | Lost status | Damaged status | Not for loan | Home library | Current library | Date acquired | Bill Date | Full call number | Accession Number | Price effective from | Koha item type |
|---|---|---|---|---|---|---|---|---|---|---|---|
| NASSDOC Library | NASSDOC Library | 08/10/2004 | 2008-12-30 | TR.0272 | 32836 | 18/04/2019 | Thesis |
